LIBRARY & INFORMATION CENTRE, KCAET, TAVANUR

ONLINE PUBLIC ACCESS CATALOGUE (OPAC)

Farming System & Sustainable Agriculture (Record no. 17425)

MARC details
000 -LEADER
fixed length control field 00382nam a22001457a 4500
003 - CONTROL NUMBER IDENTIFIER
control field OSt
008 - FIXED-LENGTH DATA ELEMENTS--GENERAL INFORMATION
fixed length control field 210915b ||||| |||| 00| 0 eng d
020 ## - INTERNATIONAL STANDARD BOOK NUMBER
ISBN 9789389130089
082 ## - DEWEY DECIMAL CLASSIFICATION NUMBER
Classification number 630.954
Item number NAN/FA
100 ## - MAIN ENTRY--AUTHOR NAME
Personal name Nanwal,R.K
245 ## - TITLE STATEMENT
Title Farming System & Sustainable Agriculture
260 ## - PUBLICATION, DISTRIBUTION, ETC. (IMPRINT)
Place of publication New Delhi
Name of publisher New India Publishing Agency
Year of publication 2020
300 ## - PHYSICAL DESCRIPTION
Number of Pages 206 Pages
942 ## - ADDED ENTRY ELEMENTS (KOHA)
Koha item type Books
Holdings
Withdrawn status Lost status Damaged status Home library Current library Shelving location Date acquired Cost, normal purchase price Full call number Accession Number Koha item type
      KAUAET KAUAET NAHEP-CAAST Project 07/09/2021 495.00 630.954 NAN/FA 26024 Books
free website counter